| Tag |
First Indicator |
Second Indicator |
Subfields |
| LEADER |
00000cam a2200000 i 4500 |
| 001 |
in00003530249 |
| 005 |
20151105213700.0 |
| 008 |
140925s2015 nyu b 001 0 eng |
| 010 |
|
|
|a 2014036787
|
| 020 |
|
|
|a 9781137394927
|
| 020 |
|
|
|a 1137394927
|
| 035 |
|
|
|a (OCoLC)ocn889175376
|
| 040 |
|
|
|a DLC
|e rda
|c DLC
|d UtOrBLW
|
| 049 |
|
|
|a TXAM
|
| 050 |
0 |
0 |
|a GT3405
|b .I34 2015
|
| 082 |
0 |
0 |
|a 394.2
|2 23
|
| 245 |
0 |
0 |
|a Identity discourses and communities in international events, festivals and spectacles /
|c edited by Udo Merkel.
|
| 264 |
|
1 |
|a New York :
|b Palgrave Macmillan,
|c 2015.
|
| 300 |
|
|
|a xiii, 263 pages ;
|c 23 cm.
|
| 336 |
|
|
|a text
|b txt
|2 rdacontent
|
| 337 |
|
|
|a unmediated
|b n
|2 rdamedia
|
| 338 |
|
|
|a volume
|b nc
|2 rdacarrier
|
| 490 |
1 |
|
|a Leisure studies in a global era
|
| 504 |
|
|
|a Includes bibliographical references and index.
|
| 505 |
0 |
|
|a Making sense of identity discourses in international events, festivals and spectacles / Udo Merkel -- Il Calcio as a source of local and social identity in Italy / Mark Doidge -- The contestation of identities and communities in German football / Udo Merkel -- Contemporary images and identities in the Hong Kong dragon boat festival / Brian Bridges and Glos Ho -- London 2012: urban imagery and city branding / Adam Jones -- Royal celebrations in the twenty-first century: 'cool Britannia' versus 'Britannia ruled the waves' / Beth Mudford -- Identity discourses and narratives in North Korean events, festivals and celebrations / Udo Merkel and Gwang Ok -- China and the world fairs (1915-2010): blending nationalism and internationalism / Lu Zhouxiang -- Promoting 'European' identities at and through pan-European events / Jayne Luscombe -- Celebrating Muhammad's birthday in the Middle East: supporting or complicating Muslim identity projects? / Andrea L. Stanton -- Pride and glamour on the catwalk: fashion models as national and ethnic icons / Patrícia Soley-Beltran -- Participating in the world 'gymnastics for all' festival, the Gymnaestrada: a celebration of a dialogical, episodic-perpetual identity / Angela Wichmann -- 'One but not the same': U2 concerts, community and cultural identity / Michael Williams.
|
| 650 |
|
0 |
|a Special events
|x Social aspects.
|
| 650 |
|
0 |
|a Festivals
|x Social aspects.
|
| 650 |
|
0 |
|a Group identity.
|
| 650 |
|
0 |
|a Nationalism
|x Social aspects.
|
| 650 |
|
0 |
|a Leisure
|x Social aspects.
|
| 700 |
1 |
|
|a Merkel, Udo,
|e editor.
|
| 830 |
|
0 |
|a Leisure studies in a global era.
|
| 945 |
|
|
|a PromptCat
|b 226339
|
| 946 |
|
|
|a stk
|
| 947 |
|
|
|a A14842872278
|
| 948 |
|
|
|a cataloged
|b h
|c 2015/6/25
|d c
|e dmitchel
|f 8:10:20 am
|
| 994 |
|
|
|a 92
|b TXA
|
| 999 |
|
|
|a MARS
|
| 999 |
f |
f |
|s b2eb5731-f5bc-3be0-b1d2-525662ceff48
|i 5367f5aa-8f4c-3a1b-bc1d-a532cff22589
|t 0
|
| 952 |
f |
f |
|p normal
|a Texas A&M University
|b College Station
|c Sterling C. Evans Library
|d Evans: Library Stacks
|t 0
|e GT3405 .I34 2015
|h Library of Congress classification
|i unmediated -- volume
|m A14842872278
|
| 998 |
f |
f |
|a GT3405 .I34 2015
|t 0
|l Evans: Library Stacks
|